[Event "ICS rated blitz match"]
[Site "204.178.125.65"]
[Date "1999.08.31"]
[Round "?"]
[White "Hossa"]
[Black "Talmoves"]
[Result "0-1"]
[WhiteElo "2569"]
[BlackElo "2507"]
[PlyCount "83"]
[EventDate "1999.??.??"]

1. d4 Nf6 2. c4 e6 3. Nc3 Bb4 4. e3 O-O 5. Bd3 d5 6. Nge2 c5 7. O-O Nc6 8. a3
Bxc3 9. bxc3 dxc4 10. Bxc4 e5 11. Bb5 Qc7 12. d5 a6 13. Bxc6 bxc6 14. c4 cxd5
15. cxd5 Rd8 16. Nc3 e4 17. f3 Qe5 18. Bb2 exf3 19. Qxf3 Rb8 20. Qf2 Rxb2 21.
Qxb2 Ng4 22. g3 Rxd5 23. Rfe1 Rd3 24. Rad1 Rxd1 25. Nxd1 f6 26. Qd2 Bf5 27.
Qd8+ Kf7 28. Qb6 Bd3 29. Qb3+ c4 30. Qb7+ Kg6 31. Qc8 h5 32. Qb7 Qf5 33. Qxa6
c3 34. Qc6 c2 35. e4 Bxe4 36. Qxc2 Bxc2 37. Rf1 Qc5+ 38. Nf2 Bd3 39. h3 Qe3 40.
hxg4 Qxg3+ 41. Kh1 Bxf1 42. Ne4 {Hossa resigns} 0-1

[Event "ICS rated blitz match"]
[Site "204.178.125.65"]
[Date "1999.10.09"]
[Round "?"]
[White "Hossa"]
[Black "Talmoves"]
[Result "0-1"]
[WhiteElo "2489"]
[BlackElo "2640"]
[PlyCount "136"]
[EventDate "1999.??.??"]

1. Nf3 Nf6 2. b3 g6 3. d4 Bg7 4. c4 d5 5. cxd5 Bf5 6. Nc3 Nxd5 7. Nxd5 Qxd5 8.
e3 O-O 9. Bc4 Qd6 10. a4 c5 11. Ba3 Na6 12. Bxa6 Qxa6 13. Bxc5 Rac8 14. Bxe7
Rfe8 15. Bb4 Qb6 16. Bc5 Rxc5 17. dxc5 Qb4+ 18. Nd2 Bc3 19. Rc1 Bd3 20. h4 Qd4
21. Rh3 h5 22. c6 bxc6 23. a5 Qb4 24. Rh2 Qxa5 25. g3 Qe5 26. Rg2 c5 27. g4
hxg4 28. Rxc3 Qxc3 29. Rxg4 Bc2 30. Qc1 Rxe3+ 31. fxe3 Qxe3+ 32. Kf1 Bf5 33.
Rg1 Bh3+ 34. Rg2 Qg3 35. Qxc5 Qxg2+ 36. Ke1 Qh1+ 37. Ke2 Bg4+ 38. Kd3 Bf5+ 39.
Ke2 Qg2+ 40. Qf2 Qg4+ 41. Ke3 Qh3+ 42. Kf4 Be6 43. Qg3 Qf5+ 44. Ke3 Qc5+ 45.
Kd3 Bf5+ 46. Ke2 Qe7+ 47. Kf3 Bc2 48. Qf2 Qb7+ 49. Kf4 Qc7+ 50. Kg5 Bd1 51. Qd4
f6+ 52. Qxf6 Qa5+ 53. Kf4 Qxd2+ 54. Kg3 Qd3+ 55. Kh2 Bg4 56. b4 Qh3+ 57. Kg1
Qg3+ 58. Kf1 Bf5 59. Qd8+ Kh7 60. Qe7+ Kh6 61. Ke2 Kh5 62. Qh7+ Kg4 63. Qxa7
Qd3+ 64. Kf2 Qd2+ 65. Kf1 Bd3+ 66. Kg1 Qe1+ 67. Kg2 Qg3+ 68. Kh1 68... Be4# {
Hossa checkmated} 0-1

[Event "ICS rated blitz match"]
[Site "204.178.125.65"]
[Date "1999.09.06"]
[Round "?"]
[White "Hossa"]
[Black "Talmoves"]
[Result "0-1"]
[WhiteElo "2480"]
[BlackElo "2459"]
[PlyCount "156"]
[EventDate "1999.??.??"]

1. e4 c6 2. d4 d5 3. Nc3 dxe4 4. Nxe4 Bf5 5. Ng3 Bg6 6. Nf3 Nd7 7. Nh4 e6 8.
Nxg6 hxg6 9. Bd3 Ngf6 10. O-O Qc7 11. c3 Bd6 12. Bg5 Qa5 13. f4 Qb6 14. Qb3
Qxb3 15. axb3 a6 16. Ne2 Ng4 17. h3 Ngf6 18. Rfe1 O-O-O 19. Ng3 Rde8 20. c4 c5
21. b4 cxd4 22. c5 Bc7 23. c6 bxc6 24. Rxa6 Nd5 25. Be4 Kb7 26. Rea1 Bb6 27. f5
gxf5 28. Bxd5 cxd5 29. Kf1 Rc8 30. R6a3 Rc2 31. b3 g6 32. R1a2 Rhc8 33. b5 Rxa2
34. Rxa2 Rc3 35. Ne2 Rxb3 36. g4 f6 37. Bd2 e5 38. gxf5 gxf5 39. h4 Rh3 40. h5
Rh1+ 41. Kg2 Rh4 42. Ra3 f4 43. Rh3 f3+ 44. Rxf3 Rxh5 45. Ng3 Rh7 46. Ra3 Kc7
47. Ra2 Kd6 48. Rc2 Bc5 49. Rc1 Ke6 50. Ra1 e4 51. Ra6+ Ke5 52. Ra8 Nf8 53. Ra1
Ng6 54. Rc1 Ba7 55. Ba5 Nf4+ 56. Kf1 Ne6 57. b6 Bb8 58. Rc8 Bd6 59. Rc6 f5 60.
Bd2 f4 61. Ne2 Rb7 62. Nxf4 Rf7 63. b7 Nxf4 64. Rxd6 Nh3+ 65. Kg2 Rxb7 66. Rd8
Nf4+ 67. Bxf4+ Kxf4 68. Rxd5 d3 69. Rd6 Ke3 70. Ra6 d2 71. Ra3+ Ke2 72. Ra2 Ke1
73. Kg3 d1=Q 74. Ra8 Qf3+ 75. Kh4 Qf4+ 76. Kh5 Qf5+ 77. Kh4 Rh7+ 78. Kg3 78...
Qg5# {Hossa checkmated} 0-1

[Event "ICS rated blitz match"]
[Site "204.178.125.65"]
[Date "1999.08.30"]
[Round "?"]
[White "Hossa"]
[Black "Talmoves"]
[Result "1/2-1/2"]
[WhiteElo "2504"]
[BlackElo "2537"]
[PlyCount "89"]
[EventDate "1999.??.??"]

1. e4 c6 2. d4 d5 3. Nd2 dxe4 4. Nxe4 Bf5 5. Ng3 Bg6 6. Nf3 Nd7 7. Nh4 e6 8.
Nxg6 hxg6 9. Bd3 Ngf6 10. O-O Qc7 11. c3 Bd6 12. a4 Qa5 13. b4 Qc7 14. Bg5
O-O-O 15. a5 Bf4 16. Bxf6 Nxf6 17. a6 b6 18. Qf3 Nd5 19. Be4 f5 20. Bxd5 exd5
21. Rae1 Qd6 22. Re2 Rde8 23. Rfe1 Re4 24. Qd3 Bxg3 25. Qxg3 Qxg3 26. hxg3 Rxe2
27. Rxe2 Kd7 28. Re5 Kd6 29. f4 Kd7 30. g4 Rh4 31. gxf5 Rxf4 32. fxg6 b5 33.
Re3 Rf6 34. Rf3 Ke7 35. Rxf6 Kxf6 36. Kf2 Kxg6 37. Ke3 Kf5 38. Kf3 g5 39. g3
Kf6 40. Ke2 Kf5 41. Ke3 Kg4 42. Kf2 Kf5 43. Ke3 Kg4 44. Kf2 Kf5 45. Ke3 {
Game drawn by repetition} 1/2-1/2

[Event "ICS rated blitz match"]
[Site "204.178.125.65"]
[Date "1999.08.30"]
[Round "?"]
[White "Hossa"]
[Black "Talmoves"]
[Result "1-0"]
[WhiteElo "2509"]
[BlackElo "2559"]
[PlyCount "195"]
[EventDate "1999.??.??"]

1. d4 Nf6 2. Nf3 g6 3. c4 Bg7 4. Nc3 d5 5. cxd5 Nxd5 6. e4 Nxc3 7. bxc3 c5 8.
Bb5+ Nc6 9. Bxc6+ bxc6 10. O-O cxd4 11. cxd4 c5 12. Be3 Bg4 13. dxc5 Bxa1 14.
Qxa1 f6 15. Nd4 Qc7 16. Rc1 Rb8 17. f3 Bd7 18. c6 Bc8 19. Rc5 a6 20. Bh6 e5 21.
Nb3 Rb6 22. Qc3 Be6 23. f4 Rb5 24. fxe5 fxe5 25. Bf4 O-O 26. Rxb5 axb5 27. Qxe5
Qxe5 28. Bxe5 Rc8 29. c7 Ra8 30. Nd4 Bd7 31. Bf4 Kf7 32. a3 Rxa3 33. Nxb5 Ra1+
34. Kf2 g5 35. Bd6 Ra2+ 36. Kf3 g4+ 37. Kg3 Rd2 38. Be5 Ke6 39. Bf4 Rd3+ 40.
Kxg4 Kf6+ 41. Kh5 Rb3 42. Na7 Rc3 43. Kh6 Rc5 44. Bd6 Rc2 45. Kxh7 Ke6 46. e5
Kd5 47. h3 Ke4 48. Kg7 Kf5 49. Kf7 Be6+ 50. Ke7 Rxg2 51. c8=Q Rg7+ 52. Kd8 Rg8+
53. Kc7 Bxc8 54. Nxc8 Ke6 55. Ne7 Rg3 56. h4 Rh3 57. Nc6 Rxh4 58. Nd8+ Kf5 59.
e6 Rh7+ 60. e7 Kf6 61. Kd7 Rg7 62. Nb7 Rh7 63. Kd8 Rh1 64. e8=Q Rd1 65. Qe5+
Kg6 66. Qg3+ Kh5 67. Qf3+ Kg6 68. Qxd1 Kg5 69. Be5 Kf5 70. Qg4+ Kxg4 71. Nd6
Kf3 72. Ke7 Kg2 73. Kf6 Kf3 74. Kg5 Kg2 75. Kf4 Kf2 76. Bc3 Kg2 77. Ne4 Kh1 78.
Kf3 Kg1 79. Ng3 Kh2 80. Bd4 Kh3 81. Bg1 Kh4 82. Ne4 Kh5 83. Bd4 Kg6 84. Nd6 Kg5
85. Kg3 Kh5 86. Bb6 Kg6 87. Bd8 Kh5 88. Be7 Kg6 89. Kh4 Kh6 90. Bf6 Kg6 91. Bg5
Kh7 92. Kh5 Kg7 93. Be7 Kh7 94. Nf5 Kg8 95. Kg6 Kh8 96. Bd6 Kg8 97. Nh6+ Kh8
98. Be5# {Talmoves checkmated} 1-0

[Event "ICS rated blitz match"]
[Site "204.178.125.65"]
[Date "1999.10.08"]
[Round "?"]
[White "Hossa"]
[Black "Talmoves"]
[Result "0-1"]
[WhiteElo "2419"]
[BlackElo "2652"]
[PlyCount "77"]
[EventDate "1999.??.??"]

1. c4 Nf6 2. Nc3 e5 3. Nf3 Nc6 4. g3 Bb4 5. Nd5 Bc5 6. Bg2 O-O 7. O-O d6 8. e3
Bg4 9. h3 Bxf3 10. Nxf6+ Qxf6 11. Bxf3 Qe6 12. d4 exd4 13. exd4 Nxd4 14. Bxb7
Rab8 15. Re1 Qxc4 16. Be4 Rfe8 17. b3 Qc3 18. Bd2 Qb2 19. Kg2 Ba3 20. Re3 Nb5
21. Qe1 g6 22. Bxg6 Rxe3 23. Bxh7+ Kxh7 24. Bxe3 Qe5 25. Kg1 Rg8 26. Rd1 Nc3
27. Rd4 Ne4 28. Qb1 Rxg3+ 29. Kf1 Rxe3 30. fxe3 Qf5+ 31. Kg1 Qg6+ 32. Kf1 Nd2+
33. Rxd2 Qxb1+ 34. Kf2 Qh1 35. Ke2 Bb4 36. Rd4 Qg2+ 37. Kd3 Qf1+ 38. Ke4 Kg6
39. Rxb4 {Hossa resigns} 0-1

[Event "ICS rated blitz match"]
[Site "204.178.125.65"]
[Date "1999.09.06"]
[Round "?"]
[White "Hossa"]
[Black "Talmoves"]
[Result "1/2-1/2"]
[WhiteElo "2464"]
[BlackElo "2475"]
[PlyCount "128"]
[EventDate "1999.??.??"]

1. e4 c6 2. d4 d5 3. exd5 cxd5 4. c4 Nf6 5. Nc3 e6 6. Bg5 Nc6 7. cxd5 exd5 8.
Bb5 Be7 9. Nge2 O-O 10. O-O Be6 11. Qa4 Qb6 12. Rfe1 h6 13. Be3 Rfc8 14. Nf4 a6
15. Bxc6 Rxc6 16. Qc2 Rac8 17. Nxe6 Rxe6 18. Qf5 Qxb2 19. Nxd5 Nxd5 20. Qxd5
Rd8 21. Qa5 Qa3 22. Qxa3 Bxa3 23. Rad1 Bb4 24. Re2 Rg6 25. Rb2 a5 26. h3 Rd5
27. Rc1 Rd7 28. Rbc2 Ba3 29. Rc8+ Kh7 30. R1c7 Rgd6 31. Rc2 Rd5 32. Re8 Be7 33.
Rd2 b5 34. Rc8 Bg5 35. f4 Bf6 36. Rc5 a4 37. Rxd5 Rxd5 38. g4 b4 39. Rd3 Kg8
40. Kf2 Rb5 41. f5 Kf8 42. Bf4 b3 43. axb3 axb3 44. Bd6+ Ke8 45. Rd1 b2 46. Rb1
Bxd4+ 47. Kf3 Rb3+ 48. Kg2 g5 49. fxg6 fxg6 50. h4 g5 51. h5 Kf7 52. Kh2 Ke6
53. Bf8 Rc3 54. Rxb2 Be5+ 55. Kg2 Rg3+ 56. Kf2 Rxg4 57. Rb6+ Kf7 58. Bc5 Rf4+
59. Kg2 Rc4 60. Bf2 Rc2 61. Kg1 Rc1+ 62. Kg2 Rc2 63. Kg1 Rc1+ 64. Kg2 64... Rc2
{Game drawn by repetition} 1/2-1/2

[Event "ICS rated blitz match"]
[Site "204.178.125.65"]
[Date "1999.09.06"]
[Round "?"]
[White "Hossa"]
[Black "Talmoves"]
[Result "1/2-1/2"]
[WhiteElo "2543"]
[BlackElo "2428"]
[PlyCount "117"]
[EventDate "1999.??.??"]

1. d4 d5 2. c4 e6 3. Nc3 Nf6 4. Nf3 Be7 5. Bg5 O-O 6. e3 Nbd7 7. Rc1 c6 8. Bd3
dxc4 9. Bxc4 Nd5 10. Bxe7 Qxe7 11. O-O Nxc3 12. bxc3 e5 13. Qc2 e4 14. Nd2 Nf6
15. Bb3 Bf5 16. Nc4 Nd5 17. Rb1 h6 18. Rb2 Rad8 19. Rfb1 Qg5 20. Kh1 Bh7 21. a4
b6 22. a5 b5 23. Ne5 Ne7 24. Qd2 Qh4 25. c4 a6 26. Rc1 Bf5 27. cxb5 cxb5 28.
Rbc2 Be6 29. Bxe6 fxe6 30. Qe1 Kh7 31. Kg1 Qg5 32. Rc7 Rc8 33. Nd7 Rfd8 34.
Rxc8 Rxc8 35. Rxc8 Nxc8 36. Nc5 e5 37. Nxa6 exd4 38. exd4 Qd5 39. Qe3 Qa8 40.
Nb4 Qxa5 41. Qxe4+ Kh8 42. Qe8+ Kh7 43. Qe1 Nd6 44. d5 Qa7 45. Qb1+ Kh8 46. Qb2
Qc5 47. g3 Ne4 48. Kg2 Nc3 49. d6 Na4 50. Qd2 Nb6 51. f4 Nd7 52. g4 Qc4 53. Kg3
Nf6 54. Kg2 Qe4+ 55. Kg1 Qb1+ 56. Kg2 Qe4+ 57. Kg1 Qb1+ 58. Kg2 Qe4+ 59. Kg1 {
Game drawn by repetition} 1/2-1/2

[Event "ICS rated blitz match"]
[Site "204.178.125.65"]
[Date "1999.09.06"]
[Round "?"]
[White "Hossa"]
[Black "Talmoves"]
[Result "1/2-1/2"]
[WhiteElo "2517"]
[BlackElo "2454"]
[PlyCount "139"]
[EventDate "1999.??.??"]

1. e4 c6 2. d4 d5 3. exd5 cxd5 4. c4 Nf6 5. Nc3 e6 6. Bg5 Nc6 7. cxd5 exd5 8.
Bb5 Be7 9. Nge2 O-O 10. O-O Be6 11. Qa4 Qb6 12. Rfe1 h6 13. Be3 Bd6 14. Rad1
Ne7 15. Bf4 a6 16. Bxd6 Qxd6 17. Bd3 Bf5 18. Bxf5 Nxf5 19. Qc2 g6 20. Ng3 Nxg3
21. fxg3 Rfe8 22. Qd2 Kh7 23. Rf1 Kg7 24. Qf2 Rac8 25. Rd3 Re6 26. Rf3 b5 27.
a3 Rc4 28. b4 h5 29. Kh1 Qd8 30. Qd2 Qe7 31. Qd1 Rec6 32. Re1 Qa7 33. Ne2 Ne4
34. Kg1 Rc2 35. Qd3 Rd2 36. Qe3 Rcc2 37. Rff1 a5 38. bxa5 Qxa5 39. Qf3 Qa7 40.
Kh1 Kg8 41. Qe3 Ra2 42. Rf3 Rab2 43. Kg1 Kg7 44. Rf4 b4 45. axb4 Qa2 46. Kf1
Qc4 47. Rxe4 dxe4 48. Qxe4 Qxb4 49. Qe5+ Kh7 50. Qc7 Qb3 51. Qf4 Qc4 52. Qe4
Kg7 53. Qe5+ f6 54. Qe8 Rbc2 55. Qe7+ Qf7 56. Qe3 Qd7 57. Nf4 Qb5+ 58. Kg1 Qb7
59. Kh1 Qd7 60. Ne6+ Kg8 61. Qh6 Qxe6 62. Qxg6+ Kf8 63. Qh6+ Kg8 64. Qg6+ Kf8
65. Qh6+ Kf7 66. Qh7+ Kf8 67. Qh8+ Kf7 68. Qh7+ Kf8 69. Qh8+ Kf7 70. Qh7+ {
Game drawn by repetition} 1/2-1/2

[Event "ICS rated blitz match"]
[Site "204.178.125.65"]
[Date "1999.08.31"]
[Round "?"]
[White "Hossa"]
[Black "Talmoves"]
[Result "0-1"]
[WhiteElo "2555"]
[BlackElo "2513"]
[PlyCount "77"]
[EventDate "1999.??.??"]

1. d4 Nf6 2. c4 e6 3. Nc3 Bb4 4. Qc2 O-O 5. Bg5 c5 6. a3 Bxc3+ 7. bxc3 h6 8.
Bxf6 Qxf6 9. e3 cxd4 10. cxd4 d6 11. Nf3 Qd8 12. Bd3 Qa5+ 13. Nd2 Bd7 14. O-O
Kh8 15. Rfb1 b6 16. Be4 Bc6 17. Nf3 Rc8 18. Bxc6 Nxc6 19. Rb5 Qa6 20. Rh5 Kg8
21. Nd2 Ne7 22. Qd1 d5 23. Qg4 dxc4 24. Rxh6 Rc6 25. Rh3 Ng6 26. Ne4 c3 27. Qf3
c2 28. Nf6+ gxf6 29. Qxc6 Rc8 30. Qxc8+ Qxc8 31. Rc1 Qc3 32. g4 Nf4 33. Rh8+
Kxh8 34. exf4 Qd2 35. Rxc2 Qxc2 36. Kg2 Qe4+ 37. Kg3 b5 38. f5 a5 39. fxe6 {
Hossa resigns} 0-1

[Event "ICS rated blitz match"]
[Site "204.178.125.65"]
[Date "1999.10.10"]
[Round "?"]
[White "Hossa"]
[Black "Talmoves"]
[Result "0-1"]
[WhiteElo "2550"]
[BlackElo "2726"]
[PlyCount "120"]
[EventDate "1999.??.??"]

1. d4 d5 2. Nf3 Nf6 3. c4 e6 4. Nc3 c6 5. e3 Nbd7 6. Bd3 dxc4 7. Bxc4 b5 8. Bd3
a6 9. a4 b4 10. Ne4 c5 11. O-O Bb7 12. Nxf6+ Nxf6 13. b3 cxd4 14. exd4 Bd6 15.
Bg5 h6 16. Bd2 Ne4 17. Bxe4 Bxe4 18. Re1 Bd5 19. Rc1 O-O 20. Be3 Rc8 21. Rxc8
Qxc8 22. Nd2 Qc7 23. h3 f5 24. f3 Bh2+ 25. Kh1 Bg3 26. Re2 Qc3 27. Qb1 Rc8 28.
Nf1 Bb8 29. Rb2 a5 30. Bf2 Bxf3 31. gxf3 Qxf3+ 32. Kg1 Qxh3 33. Qe1 Qg4+ 34.
Kh1 Qf3+ 35. Kg1 Qd5 36. Nd2 Rc3 37. Kf1 Qh1+ 38. Ke2 Qh5+ 39. Kf1 Kf7 40. Rb1
Qh3+ 41. Ke2 Bf4 42. Rb2 Qg4+ 43. Kf1 Rh3 44. Bg1 Rg3 45. Bf2 Rc3 46. d5 exd5
47. Qb1 Qh3+ 48. Ke2 Rc6 49. Ra2 Re6+ 50. Kd1 d4 51. Bxd4 Qg4+ 52. Kc1 Re1+ 53.
Kb2 Bxd2 54. Qxe1 Qxd4+ 55. Kb1 Bxe1 56. Rc2 Bc3 57. Ka2 Qd1 58. Rxc3 bxc3 59.
b4 Qc2+ 60. Ka1 60... Qb2# {Hossa checkmated} 0-1

[Event "ICS rated blitz match"]
[Site "204.178.125.65"]
[Date "1999.09.06"]
[Round "?"]
[White "Hossa"]
[Black "Talmoves"]
[Result "1-0"]
[WhiteElo "2537"]
[BlackElo "2452"]
[PlyCount "97"]
[EventDate "1999.??.??"]

1. d4 Nf6 2. c4 e6 3. Nc3 Bb4 4. a3 Bxc3+ 5. bxc3 c5 6. e3 Nc6 7. Bd3 O-O 8.
Ne2 b6 9. O-O Ba6 10. e4 Ne8 11. e5 Na5 12. Qc2 Bxc4 13. Bxh7+ Kh8 14. Bd3 d5
15. f4 Qh4 16. Bxc4 Nxc4 17. f5 Nc7 18. f6 g6 19. Bf4 cxd4 20. cxd4 Kg8 21.
Rac1 Qh5 22. Qd3 Qf5 23. Qf3 Qh5 24. Qf2 Nb5 25. a4 Nba3 26. Rc3 b5 27. Bc1 b4
28. Bxa3 Nxa3 29. Nf4 Qg5 30. Rg3 Qf5 31. Rh3 Qg5 32. Qd2 Rfe8 33. Nxg6 Qxg6
34. Rh6 Rf8 35. Rxg6+ fxg6 36. Qxb4 Rf7 37. Qxa3 Rc8 38. Qg3 Kh7 39. Qh3+ Kg8
40. Qxe6 Rcf8 41. Qxd5 Kh7 42. e6 Rxf6 43. Rxf6 Rxf6 44. e7 Rf5 45. Qe6 Kg7 46.
e8=Q Rf6 47. Q6e7+ Rf7 48. Q8f8+ Kh7 49. Qexf7# {Talmoves checkmated} 1-0

[Event "ICS rated blitz match"]
[Site "204.178.125.65"]
[Date "1999.09.18"]
[Round "?"]
[White "Hossa"]
[Black "Talmoves"]
[Result "0-1"]
[WhiteElo "2481"]
[BlackElo "2486"]
[PlyCount "113"]
[EventDate "1999.??.??"]

1. d4 Nf6 2. c4 e6 3. Nf3 d5 4. Nc3 Be7 5. e3 O-O 6. Bd3 dxc4 7. Bxc4 c5 8. O-O
a6 9. Ne5 Qc7 10. Bd3 Rd8 11. Rb1 Nc6 12. Nxc6 Qxc6 13. Ne2 cxd4 14. exd4 b5
15. Be3 Bb7 16. Nf4 Rac8 17. Rc1 Qd6 18. Rxc8 Rxc8 19. Qb1 Bd8 20. Rc1 Rxc1+
21. Qxc1 Bb6 22. Qd1 Bc7 23. h4 Nd5 24. g3 Nxf4 25. gxf4 Qd5 26. f3 Qh5 27. Qe2
Bxf3 28. Qh2 Bd5 29. Qg3 Qd1+ 30. Bf1 Bxa2 31. Qg2 Bd5 32. Qe2 Qb1 33. h5 Qf5
34. Bg2 Bxf4 35. Bxf4 Qxf4 36. Qe5 Qxe5 37. dxe5 Bxg2 38. Kxg2 f5 39. exf6 gxf6
40. b4 Kg7 41. Kg3 Kh6 42. Kg4 f5+ 43. Kh4 e5 44. Kg3 Kxh5 45. Kf3 Kh4 46. Kf2
Kh3 47. Kf3 f4 48. Ke4 Kg3 49. Kxe5 f3 50. Ke6 f2 51. Kd5 f1=Q 52. Ke4 Qf4+ 53.
Kd5 Qc4+ 54. Ke5 Qc3+ 55. Ke6 Qb3+ 56. Ke5 h6 57. Ke4 {Hossa resigns} 0-1

[Event "ICS rated blitz match"]
[Site "204.178.125.65"]
[Date "1999.10.10"]
[Round "?"]
[White "Hossa"]
[Black "Talmoves"]
[Result "0-1"]
[WhiteElo "2525"]
[BlackElo "2739"]
[PlyCount "103"]
[EventDate "1999.??.??"]

1. e4 c6 2. d4 d5 3. e5 Bf5 4. h4 h5 5. Nf3 e6 6. Be2 f6 7. O-O fxe5 8. Bg5 Be7
9. Nxe5 Bxg5 10. Bxh5+ g6 11. Nxg6 Bxg6 12. Bxg6+ Kd7 13. hxg5 Qxg5 14. Qd3 Ne7
15. Bf7 Qh4 16. Qh3 Qxh3 17. gxh3 Rh7 18. Bxe6+ Kxe6 19. Kh2 Nd7 20. Nc3 Rah8
21. Rae1+ Kd6 22. Re3 Nf5 23. Rd3 Kc7 24. Ne2 Nf6 25. Rf3 Ng4+ 26. Kg1 Rxh3 27.
Rxf5 Rh1+ 28. Kg2 R8h2+ 29. Kg3 Rxf1 30. Rf7+ Kb6 31. Kxg4 Rfxf2 32. Rxf2 Rxf2
33. Nc3 Rxc2 34. Kf3 Kc7 35. a4 Rxb2 36. Ke3 Kb6 37. Kd3 Ka5 38. Ne2 Rxe2 39.
Kxe2 Kxa4 40. Kd2 Kb3 41. Kc1 Kc3 42. Kb1 b5 43. Kc1 b4 44. Kd1 b3 45. Ke2 b2
46. Ke3 b1=Q 47. Kf4 Kxd4 48. Kg5 Qc1+ 49. Kf6 Qh6+ 50. Kf5 Qf8+ 51. Ke6 Qd8
52. Kf5 {Hossa resigns} 0-1

[Event "ICS rated blitz match"]
[Site "204.178.125.65"]
[Date "1999.09.04"]
[Round "?"]
[White "Hossa"]
[Black "Talmoves"]
[Result "0-1"]
[WhiteElo "2439"]
[BlackElo "2474"]
[PlyCount "108"]
[EventDate "1999.??.??"]

1. e3 d5 2. d4 Nf6 3. Bd3 c5 4. Nf3 e6 5. O-O Nc6 6. c4 Bd6 7. Nc3 O-O 8. Nb5
cxd4 9. Nxd6 Qxd6 10. exd4 dxc4 11. Bxc4 Rd8 12. Be3 Bd7 13. Rc1 Kh8 14. Re1
Be8 15. Qb3 Na5 16. Qc3 Nxc4 17. Qxc4 Nd5 18. Bd2 h6 19. Ba5 b6 20. Bd2 a5 21.
Rc2 Ne7 22. Rec1 Rac8 23. Qf1 Rxc2 24. Rxc2 Nf5 25. Be3 Qd5 26. b3 Qe4 27. Rc3
a4 28. b4 Kg8 29. Qc1 Bb5 30. Rc7 Qd5 31. a3 Be2 32. Ne5 f6 33. Nc6 Re8 34. Qc2
Bb5 35. Na7 Bd7 36. Qc4 Qxc4 37. Rxc4 Kf7 38. g4 Nh4 39. f4 f5 40. Rc7 Re7 41.
Rb7 Nf3+ 42. Kh1 fxg4 43. Rxb6 h5 44. Nc6 Bxc6 45. Rxc6 h4 46. Ra6 Rc7 47. f5
Rc2 48. fxe6+ Kg8 49. Bg1 g3 50. Ra8+ Kh7 51. hxg3 hxg3 52. Bf2 Rxf2 53. Rh8+
Kxh8 54. e7 54... Rh2# {Hossa checkmated} 0-1

[Event "ICS rated blitz match"]
[Site "204.178.125.65"]
[Date "1999.09.25"]
[Round "?"]
[White "Hossa"]
[Black "Talmoves"]
[Result "1-0"]
[WhiteElo "2446"]
[BlackElo "2505"]
[PlyCount "147"]
[EventDate "1999.??.??"]

1. e4 c5 2. Nf3 e6 3. d4 cxd4 4. Nxd4 Nc6 5. Nc3 Nf6 6. Nxc6 bxc6 7. Bg5 Be7 8.
e5 Nd5 9. Bxe7 Qxe7 10. Qd4 O-O 11. Bd3 f6 12. Qh4 f5 13. Qxe7 Nxe7 14. O-O-O
Ng6 15. Rhe1 Rb8 16. Bf1 Rf7 17. Rd6 f4 18. Bd3 Nh4 19. Be4 Nf5 20. Bxf5 Rxf5
21. f3 Rh5 22. h3 Rg5 23. Re2 Rb6 24. a4 Rb4 25. b3 h6 26. Kb2 a5 27. Na2 Rb6
28. Kc3 Ba6 29. Rf2 Rxe5 30. Rxd7 Rd5 31. Rc7 e5 32. h4 g5 33. hxg5 hxg5 34. b4
Kf8 35. Ra7 axb4+ 36. Nxb4 Rc5+ 37. Kb3 Bc4+ 38. Ka3 Bd5 39. Rd2 Rc4 40. Nxd5
cxd5 41. Ra5 Rc3+ 42. Ka2 e4 43. Raxd5 e3 44. Re2 Rc4 45. Ra5 Kf7 46. c3 Kf6
47. Rc2 Rc7 48. Rd5 Re6 49. Rd1 Rc5 50. Ka3 Rb6 51. c4 Ke5 52. Rcc1 Rb7 53. Rc3
Ke6 54. g4 Rb6 55. Rdc1 Rb8 56. Rb3 Rbc8 57. Rb6+ Ke7 58. Kb3 Kd7 59. Rb5 Rxb5+
60. axb5 Rh8 61. c5 Rh3 62. c6+ Kc8 63. b6 Rh6 64. Kb4 e2 65. Kb5 Re6 66. c7
Re8 67. Ka6 Kd7 68. b7 Re6+ 69. Ka7 Kd6 70. b8=Q Re7 71. Ka8 Kd5 72. Qb5+ Ke6
73. Qf5+ Kd6 74. c8=N# {Talmoves checkmated} 1-0

[Event "ICS rated blitz match"]
[Site "204.178.125.65"]
[Date "1999.09.30"]
[Round "?"]
[White "Hossa"]
[Black "Talmoves"]
[Result "0-1"]
[WhiteElo "2492"]
[BlackElo "2582"]
[Annotator "Fritz 5.32 (20s)"]
[PlyCount "125"]
[EventDate "1999.??.??"]

1. d4 Nf6 2. c4 e6 3. Nf3 d5 4. Nc3 Be7 5. Bg5 O-O 6. e3 Nbd7 7. Be2 c6 8. O-O
Re8 (8... a6 9. a4 Re8 10. Qc2 h6 11. Bh4 Qc7 12. Bg3 Bd6 13. Bxd6 Qxd6 14. c5
Qe7 15. b4 e5 16. b5 e4 17. Nd2 Nf8 18. Nb3 Bg4 19. Bxg4 Nxg4 20. Qe2 Nf6 21.
Na5 Qc7 22. b6 Qe7 23. Rae1 {
Cerimovic,A-Oeksuz,A/Murek 1998/CBM 65 ext/1-0 (59)}) 9. Qc2 $146 (9. c5 h6 10.
Bh4 Nh7 11. Bg3 Ng5 12. b4 Nxf3+ 13. Bxf3 b6 14. a4 a5 15. b5 Bb7 16. cxb6 Nxb6
17. Be2 Bd6 18. Rb1 Bxg3 19. hxg3 Qd6 20. Qb3 Rec8 21. bxc6 Rxc6 22. Nb5 Qd8
23. Bd3 Ba6 24. Rfc1 Rxc1+ 25. Rxc1 Rc8 26. Rd1 Nc4 27. Rc1 27... Nb6 {
- Wiens,H-Rosenthal,J/Mendig 1994/GER (27)}) (9. Rc1 Nf8 10. Bxf6 Bxf6 11. Qb3
Ng6 12. h3 {- Lutsko,I-Korzubov,P/Minsk 1996/CBM 53 ext (12)}) (9. a3 a5 10.
Rc1 Nf8 11. Ne5 N6d7 12. Bxe7 Qxe7 13. Nxd7 Nxd7 14. e4 dxe4 15. Nxe4 Nf6 16.
Bf3 Nxe4 17. Bxe4 Rd8 18. Rc3 Bd7 19. Re1 g6 20. g3 Be8 21. Rd3 Qf6 22. Qd2 Rd6
23. d5 23... exd5 {Kohlmann,H-Ketterer,C/OLBaden 1992/GER/1-0 (72)}) 9... dxc4
10. Bxc4 Nd5 11. Bxe7 Qxe7 12. Bd3 12... g6 {Deckt f5} 13. e4 (13. a3 Nxc3 14.
bxc3 14... e5 $11) 13... Nb4 14. Qd2 e5 15. Bb1 exd4 16. Nxd4 Ne5 (16... c5 17.
Nc2 Nxc2 18. Bxc2 $11) 17. a3 Na6 18. f4 Nc4 19. Qf2 Rd8 20. Bd3 Qc5 21. Bxc4
Qxc4 ({Und nicht} 21... Rxd4 22. Bxa6 bxa6 23. Rad1 $18) 22. Rad1 (22. Nf3
22... Qc5 $11) 22... Bg4 23. Rd2 Nc5 24. Qe3 Rd7 25. Rc1 Rad8 26. Nce2 Qa6 27.
Rxc5 Bxe2 28. f5 {Weiss erobert Raum} 28... Qb6 29. b4 {Droht entscheidend Qh6}
29... Ba6 $4 {Schwarz bricht voellig ein} (29... f6 $142 30. fxg6 $1 {
triumphiert} 30... hxg6 $18) 30. fxg6 $11 (30. Qh6 $142 {
entschiede die Partie sofort} 30... Rd6 31. e5 $18) 30... hxg6 {
Verwehrt dem Gegner f5} 31. Qc3 (31. e5 Rd5 32. Rxd5 32... Rxd5 $14) 31... Bb5
$14 (31... Be2 32. e5 Bg4 33. a4 $11) 32. e5 Ba6 33. a4 Rd5 34. Rxd5 {
Weiss droht stark a5} 34... Rxd5 (34... cxd5 $4 35. a5 Qxd4+ 36. Qxd4 $18) 35.
a5 {Weiss engt den Gegner ein} 35... Qc7 36. Nf3 Qd7 37. Kh1 Rxd2 (37... Bd3
38. Rd1 $15) 38. Qxd2 38... Qxd2 {Mit der Mattdrohung Qd1} 39. Nxd2 Kf8 40. Ne4
b6 41. axb6 axb6 42. Kg1 42... Ke7 {Schwarz geht zum Angriff ueber} 43. Nc3 $17
(43. Ng5 43... Bc4 $11) 43... Ke6 44. Na4 c5 45. bxc5 b5 46. Nc3 (46. Nb2 Kxe5
47. Kf2 47... b4 $17) 46... b4 47. Na2 b3 48. Nc3 Kxe5 49. Na4 (49. Nd1 49...
Kd5 $19) 49... Bb5 {Es droht Matt} 50. Nb2 (50. Nc3 50... b2 $19) 50... Kd4 51.
c6 Bxc6 52. Nd1 Kd3 53. h4 (53. Kf2 Kd2 54. Nb2 54... Bb5 $19) 53... Bb5 {
Droht entscheidend Kc2} 54. g4 (54. Kf2 {nuetzt auch nichts mehr} 54... Kd2 55.
Nb2 55... f5 $19) 54... Kd2 55. Nb2 Kc2 56. h5 56... gxh5 $1 {Boing!} 57. g5
Kxb2 58. Kf2 Kc3 59. Kg3 59... b2 {Droht Matt: b1Q} 60. Kf4 (60. g6 {
macht keinen grossen Unterschied} 60... b1=Q 61. g7 Qg1+ 62. Kf3 Bc6+ 63. Ke2
Qg2+ 64. Ke1 Kd3 65. g8=Q Qe2#) 60... b1=Q 61. Ke5 Qg6 62. Kf4 Bc6 (62... h4
63. Ke3 Qxg5+ 64. Kf3 f5 65. Kf2 Qg3#) 63. Ke3 0-1

[Event "ICS rated blitz match"]
[Site "204.178.125.65"]
[Date "1999.10.17"]
[Round "?"]
[White "Hossa"]
[Black "Talmoves"]
[Result "1/2-1/2"]
[WhiteElo "2565"]
[BlackElo "2563"]
[PlyCount "145"]
[EventDate "1999.??.??"]

1. e4 e5 2. Nf3 Nc6 3. Bb5 a6 4. Ba4 Nf6 5. O-O Nxe4 6. d4 b5 7. Bb3 d5 8. dxe5
Be6 9. c3 Bc5 10. Nbd2 O-O 11. Bc2 Nxf2 12. Rxf2 f6 13. exf6 Bxf2+ 14. Kxf2
Qxf6 15. Kg1 g5 16. Nb3 g4 17. Qd3 Rf7 18. Bg5 Qg7 19. Nfd4 Nxd4 20. Nxd4 Qxg5
21. Nxe6 Qe5 22. Nc5 Re8 23. g3 Qe2 24. Qxe2 Rxe2 25. Bb3 c6 26. Nd3 Rf6 27.
Re1 Rd2 28. Rd1 Re2 29. Rb1 Rd2 30. Ne5 Re6 31. Nxg4 h5 32. Nf2 Ree2 33. Rf1 a5
34. a3 a4 35. Bd1 Rxf2 36. Rxf2 Rxd1+ 37. Kg2 Kg7 38. h3 Kg6 39. Kh2 c5 40. Re2
Kf6 41. Rf2+ Ke5 42. g4 hxg4 43. hxg4 Re1 44. g5 Kd6 45. g6 Re7 46. Rf6+ Ke5
47. Rc6 b4 48. Rxc5 bxc3 49. bxc3 Re6 50. c4 Rxg6 51. Rxd5+ Ke6 52. Ra5 Kd7 53.
Rxa4 Rg8 54. Rb4 Kc6 55. Kh3 Ra8 56. Rb3 Kc5 57. Rc3 Rh8+ 58. Kg4 Rf8 59. Kg5
Rf7 60. Rc2 Rg7+ 61. Kf5 Ra7 62. Rc3 Kd4 63. Rb3 Kxc4 64. Re3 Kb5 65. a4+ Ka5
66. Re5+ Kxa4 67. Rc5 Rf7+ 68. Ke5 Re7+ 69. Kd5 Rd7+ 70. Ke5 Re7+ 71. Kd5 Rd7+
72. Ke5 Re7+ 73. Kd5 {Game drawn by repetition} 1/2-1/2